000
00393nam a2200133Ia 4500
008
151001s9999||||xx |||||||||||||| ||und||
100
_a
दिनेश सिंह चौहान
245
_a
देशभक्त स्वामी विवेकानंद
250
_a
1
260
_b
चंबल एजन्सी
260
_c
2010
300
_a
75
365
_b
21
999
_c
995685
_d
995682